Best netflix shows of all time - Statistics

General Stats
  • This quiz has been taken 89 times
  • The average score is 3 of 16
Answers on the Grid
Answers color-coded by a green-red scale on the quiz's grid according to % correct below.
peaky blinders
dark
daredevil
cobra kai
the good doctor
breaking bad
narcos
stanger things
house of cards
squid game
wednesday
berlin
the crown
ozark
better call saul
flash
The OA
The witcher
After life
The fall
our plantet
suits
prison break
godless
Top boy
Money heist
 
Answer Stats
Answer % Correct
stanger things
48%
dark
36%
daredevil
32%
narcos
27%
wednesday
25%
Money heist
16%
ozark
14%
the crown
14%
berlin
11%
The witcher
11%
The OA
9%
After life
7%
our plantet
5%
The fall
2%
Top boy
2%
godless
0%
No matching quizzes found
Score Distribution
Percent of People with Each Score
Percentile by Number Answered
Your Score History
You have not taken this quiz